Normal view
MARC view
- Romero Cervantes, Virgilio
Entry Nombre Personal
001 - NUMERO DE CONTROL
- campo de control: 49184
003 - IDENTIFICADOR DE NUMERO DE CONTROL
- campo de control: MX-MxUPN
005 - FECHA Y HORA DE LA ÜLTIMA TRANSACCIÓN
- campo de control: 20230607121336.0
008 - DATOS DE LONGITUD FIJA
- campo de control de longitud fija: 230607|| aca||aabn | a|a d
040 ## - FUENTE DE CATALOGACIÓN
- Agencia original de catalogación: MX-MxUPN
- Lenguaje de catalogación: spa
- Agencia de transcripción: MX-MxUPN
100 1# - ENCABEZAMIENTO - NOMBRE PERSONAL
- Nombre personal: Romero Cervantes, Virgilio
670 ## - FUENTE EN LA QUE SE LOCALIZARON DATOS
- Cita de la fuente: Contenido filosófico de la reforma educativa en la escuela primaria, 1978:
- Información localizada: portada (Virgilio Romero Cervantes)
902 ## - CATALOGADOR
- Catalogador: Víctor Ruiz/070623
